01562nam a2200433 i 450000100060000000300080000600500170001400600190003100700150005000800410006502000270010602000180013303500230015103500240017403500250019803500210022304000310024405000230027508000080029808200160030610000270032224500720034926400690042130000410049033600310053133700330056233800430059549000480063850000220068650400280070858801260073665000260086265000330088865000300092165000390095165500270099083000490101785600620106682561FlNmELB20241217151936.0m o d | cr cnu||||||||140825s2005 sp ob 001 0 spa d a9788474765052 (e-book) z9788474763881 a(MiAaPQ)EBC3222895 a(Au-PeEL)EBL3222895 a(CaPaEBR)ebr10903547 a(OCoLC)992054053 aFINmELBbspaerdacFINmELB 4aHA31.2b.D338 2005 a0010 a001.4332231 aDíaz de Rada, Vidal.10aManual del trabajo de campo en la encuesta /cVidal Díaz de Rada. 1aMadrid :bCIS - Centro de Investigaciones Sociológicas,c2005. a1 recurso en línea (275 páginas) atextobtxt2rdacontent/spa acomputadorabc2rdamedia/spa arecurso en líneabcr2rdacarrier/spa1 aColección Cuadernos Metodológicos ;v45 aIncluye índice. aIncluye bibliografía. aDescripción basada en recurso en línea; Título de la página del título en PDF (e-libro, visto August 25, 2014). 0aSurveysxMethodology. 0aSocial surveysxMethodology. 4aEncuestasxMetodología. 4aEncuestas socialesxMetodología. 4aLibros electrónicos. 0aColección Cuadernos Metodológicos ;v45.40uhttps://elibro.net/ereader/politecnicointernacional/52013